[Event "XXV C.to Italiano a squadre A"]
[Site "ITA"]
[Date "1993.??.??"]
[Round "4"]
[White "Vallifuoco, Giacomo"]
[Black "Tirabassi, Maurizio"]
[Result "1-0"]
[WhiteElo "2380"]
[BlackElo "2340"]
[PlyCount "111"]
[EventDate "1993.01.31"]

1. d4 Nf6 2. c4 e6 3. Nf3 b6 4. g3 Bb7 5. Bg2 Be7 6. O-O O-O 7. Nc3 Ne4 8. Bd2
f5 9. d5 Bf6 10. Qc2 Nxc3 11. Bxc3 Bxc3 12. Qxc3 exd5 13. cxd5 Bxd5 14. Rfd1
Bb7 15. Rac1 c5 16. Rd6 Qe7 17. Rcd1 Be4 18. Ne5 Bxg2 19. Kxg2 Nc6 20. Qc4+ Kh8
21. Nxd7 Ne5 22. Qe6 Rfe8 23. Qxe7 Rxe7 24. Nxe5 Rxe5 25. Rd8+ Re8 26. Rxa8
Rxa8 27. Kf3 h6 28. h4 Kg8 29. Rd7 a6 30. h5 c4 31. Kf4 Rc8 32. a4 Rc5 33. Rb7
b5 34. axb5 axb5 35. f3 Rd5 36. e3 Kf8 37. g4 fxg4 38. fxg4 Rc5 39. e4 Ke8 40.
e5 Kd8 41. Ke4 Kc8 42. Rxg7 b4 43. g5 c3 44. bxc3 b3 45. gxh6 b2 46. Rg1 Rc6
47. Rb1 Rxh6 48. Rxb2 Rxh5 49. Rg2 Kd7 50. Kd5 Rh1 51. Rg7+ Kd8 52. c4 Rh6 53.
c5 Ra6 54. c6 Ra1 55. Rd7+ Ke8 56. e6 1-0

[Event "XXV C.to Italiano a squadre A"]
[Site "ITA"]
[Date "1993.??.??"]
[Round "4"]
[White "Vezzosi, Paolo"]
[Black "Iannaccone, Ernesto"]
[Result "1-0"]
[WhiteElo "2305"]
[BlackElo "2385"]
[PlyCount "74"]
[EventDate "1993.01.31"]

1. c4 c6 2. d4 d5 3. Nf3 Nf6 4. e3 Bg4 5. Nc3 e6 6. h3 Bxf3 7. Qxf3 Nbd7 8. Bd3
Be7 9. O-O O-O 10. Rd1 Qa5 11. Bd2 Qb6 12. Qg3 dxc4 13. Bxc4 c5 14. d5 exd5 15.
Nxd5 Nxd5 16. Bxd5 Bf6 17. Bc3 Rfd8 18. Qf3 Bxc3 19. bxc3 Nf6 20. Bxb7 Qb2 21.
Rxd8+ Rxd8 22. Rd1 Rxd1+ 23. Qxd1 g6 24. Qb3 Qd2 25. g3 h5 26. Qc4 Qd6 27. Qf4
Qe7 28. Bf3 Kg7 29. Kg2 Qe6 30. Qa4 g5 31. Qxa7 g4 32. hxg4 hxg4 33. Ba8 Qe5
34. Qa3 Ne4 35. c4 Nc3 36. Qb2 Kg8 37. a3 Qe8 1-0

[Event "XXV C.to Italiano a squadre A"]
[Site "ITA"]
[Date "1993.??.??"]
[Round "4"]
[White "Werther, Florian"]
[Black "Blasco, Domenico"]
[Result "1-0"]
[WhiteElo "1993"]
[BlackElo "2205"]
[PlyCount "79"]
[EventDate "1993.01.31"]

1. d4 Nf6 2. Nf3 Ne4 3. e3 d5 4. c4 c6 5. Qc2 e6 6. Bd3 f5 7. O-O Bd6 8. b3 O-O
9. a4 Na6 10. Ba3 Nb4 11. Qe2 Nxd3 12. Qxd3 Bxa3 13. Rxa3 Qe7 14. Ra2 Bd7 15.
Ne5 Be8 16. Nd2 Bh5 17. f4 Rad8 18. Nxe4 dxe4 19. Qc3 c5 20. dxc5 Qxc5 21. b4
Qe7 22. c5 Rd5 23. Rd2 Rxd2 24. Qxd2 Rd8 25. Qc3 Rd5 26. c6 bxc6 27. Qxc6 Be8
28. Qa6 Rd6 29. Qa5 Rd5 30. b5 Qc5 31. Re1 g5 32. g3 gxf4 33. gxf4 Bh5 34. Qa6
Rd6 35. Qb7 Rd2 36. Qc6 Qe7 37. Qc8+ Kg7 38. Qc3 Qd6 39. Nc4+ Kh6 40. Nxd6 1-0

[Event "XXV C.to Italiano a squadre A"]
[Site "ITA"]
[Date "1993.??.??"]
[Round "4"]
[White "Zichichi, Alvise"]
[Black "Pieri, Filippo"]
[Result "1-0"]
[WhiteElo "2305"]
[BlackElo "2195"]
[PlyCount "69"]
[EventDate "1993.01.31"]

1. Nf3 c5 2. c4 Nf6 3. g3 Nc6 4. Bg2 g6 5. b3 Bg7 6. Bb2 O-O 7. O-O d6 8. d3 e5
9. Nc3 h6 10. Nd2 Be6 11. Nde4 Ne8 12. Nd5 Bxd5 13. cxd5 Ne7 14. Nd2 f5 15. a4
Nf6 16. e4 Qe8 17. Nc4 Rd8 18. b4 cxb4 19. Qb3 f4 20. Qxb4 f3 21. Bxf3 Nfxd5
22. exd5 Rxf3 23. Nxd6 Qd7 24. Qe4 Rdf8 25. Nc4 Qxd5 26. Ba3 Qxe4 27. dxe4 Rc8
28. Ne3 Nc6 29. Kg2 Rf7 30. Rac1 Rd7 31. Nd5 Rcd8 32. Bc5 Nd4 33. Bxa7 Rf7 34.
Bb6 Bf8 35. Bxd8 1-0

[Event "XXV C.to Italiano a squadre A"]
[Site "ITA"]
[Date "1993.??.??"]
[Round "5"]
[White "Abatino, Maurizio"]
[Black "Tan, Chengxuan"]
[Result "1/2-1/2"]
[WhiteElo "2380"]
[BlackElo "2370"]
[PlyCount "103"]
[EventDate "1993.01.31"]

1. d4 Nf6 2. c4 c6 3. Nf3 d5 4. Nc3 dxc4 5. a4 Bf5 6. e3 e6 7. Bxc4 Bb4 8. O-O
Nbd7 9. Qe2 Bg6 10. Rd1 Qc7 11. Bd3 e5 12. e4 O-O 13. dxe5 Nxe5 14. Bf4 Bd6 15.
Nxe5 Bxe5 16. Bxe5 Qxe5 17. Qe3 Rfe8 18. Re1 Rad8 19. Rad1 Qd4 20. Qxd4 Rxd4
21. Bc2 Red8 22. f3 Kf8 23. Ne2 Rd2 24. Nf4 Ke8 25. Rxd2 Rxd2 26. Re2 Rxe2 27.
Nxe2 Ke7 28. Kf2 Nd7 29. Ke3 f6 30. Bb3 Nc5 31. Bc2 Kd6 32. Nd4 Nd7 33. b4 Ne5
34. Bb3 Nd7 35. h3 a6 36. g4 c5 37. bxc5+ Kxc5 38. Ne6+ Kb4 39. Bd1 Nb6 40. Nd8
Nxa4 41. Nxb7 Nc3 42. Bc2 a5 43. Nd8 a4 44. Bxa4 Nxa4 45. Ne6 Nc5 46. Nxg7 Kb5
47. h4 Kc6 48. h5 Bf7 49. Nf5 Ba2 50. f4 Bb1 51. Ng3 Kd6 52. g5 1/2-1/2

[Event "XXV C.to Italiano a squadre A"]
[Site "ITA"]
[Date "1993.??.??"]
[Round "5"]
[White "Albano, Marco"]
[Black "Werther, Tobias"]
[Result "0-1"]
[WhiteElo "2230"]
[BlackElo "2325"]
[PlyCount "60"]
[EventDate "1993.01.31"]

1. e4 c5 2. Nf3 d6 3. d4 Nf6 4. Nc3 cxd4 5. Nxd4 g6 6. Be3 Bg7 7. f3 O-O 8. Qd2
Nc6 9. Bc4 Bd7 10. h4 Ne5 11. Bb3 h5 12. Bg5 Rc8 13. O-O-O Rc5 14. Kb1 b5 15.
g4 hxg4 16. f4 Nc4 17. Bxc4 Rxc4 18. e5 Nh5 19. exd6 f6 20. Ndxb5 e6 21. Qd3
Rc5 22. Qxg6 Bxb5 23. Nxb5 Rxb5 24. Qxh5 Qa5 25. Rd3 fxg5 26. Rb3 Rxb3 27. axb3
Qd5 28. hxg5 Rxf4 29. d7 Qxd7 30. Qh7+ Kf7 0-1

[Event "XXV C.to Italiano a squadre A"]
[Site "ITA"]
[Date "1993.??.??"]
[Round "5"]
[White "Barletta, Mauro"]
[Black "Milocco, Franco"]
[Result "1/2-1/2"]
[WhiteElo "2235"]
[BlackElo "2365"]
[PlyCount "63"]
[EventDate "1993.01.31"]

1. e4 c5 2. Nf3 d6 3. d4 cxd4 4. Qxd4 Nc6 5. Bb5 Bd7 6. Qd3 g6 7. Nc3 Bg7 8.
Bg5 Nf6 9. O-O-O a6 10. Bxc6 Bxc6 11. e5 dxe5 12. Qxd8+ Rxd8 13. Rxd8+ Kxd8 14.
Nxe5 Be8 15. Rd1+ Kc8 16. f4 e6 17. Nc4 Bc6 18. Nd6+ Kc7 19. Nxf7 Rf8 20. Ne5
Bxg2 21. Bxf6 Bxf6 22. Rd7+ Kc8 23. Na4 Bxe5 24. Nb6+ Kb8 25. fxe5 Rf1+ 26. Kd2
Rf2+ 27. Ke3 Rxc2 28. Rd8+ Ka7 29. Nc8+ Kb8 30. Nb6+ Ka7 31. Nc8+ Kb8 32. Nb6+
1/2-1/2

[Event "XXV C.to Italiano a squadre A"]
[Site "ITA"]
[Date "1993.??.??"]
[Round "5"]
[White "Burlando, Alessandro"]
[Black "Barlocco, Carlo"]
[Result "0-1"]
[WhiteElo "2112"]
[BlackElo "2300"]
[PlyCount "114"]
[EventDate "1993.01.31"]

1. d4 Nf6 2. Bg5 g6 3. Bxf6 exf6 4. e3 Bg7 5. Nf3 O-O 6. Be2 d5 7. O-O b6 8. c4
Ba6 9. cxd5 Bxe2 10. Qxe2 Qxd5 11. Nc3 Qd7 12. Rac1 c6 13. Qc4 f5 14. Rfd1 Qb7
15. Ne2 Rc8 16. b4 b5 17. Qb3 Nd7 18. Nf4 Nb6 19. Nd3 Nc4 20. Nc5 Qe7 21. Nd2
Nb6 22. g3 Nd5 23. Ra1 h5 24. h4 f4 25. e4 fxg3 26. Qxg3 Nxb4 27. Nf3 Bxd4 28.
Nxd4 Qxc5 29. Rac1 Qb6 30. Nf5 Qc7 31. Qg5 Re8 32. Rd6 Rxe4 33. f3 Re2 34. Kh1
Nd3 35. Qg3 Qxd6 36. Nxd6 Nxc1 37. Qf4 Re1+ 38. Kg2 Rf8 39. Ne4 Nxa2 40. Qh6
Rxe4 41. fxe4 Nb4 42. Qe3 Re8 43. Kf3 a5 44. Qa7 a4 45. Kf4 Nd3+ 46. Ke3 Ne5
47. Qc5 a3 48. Qa7 b4 49. Kd4 b3 50. Qxa3 Rb8 51. Qb2 Rb5 52. Kc3 c5 53. Qe2
Rb4 54. Kb2 Nc4+ 55. Kb1 b2 56. Qd3 Ra4 57. Qb3 Nd2+ 0-1

[Event "XXV C.to Italiano a squadre A"]
[Site "ITA"]
[Date "1993.??.??"]
[Round "5"]
[White "Colombo, Alberto"]
[Black "Faraoni, Enrico"]
[Result "0-1"]
[WhiteElo "2001"]
[BlackElo "2049"]
[PlyCount "108"]
[EventDate "1993.01.31"]

1. d4 Nf6 2. Nf3 g6 3. Bg5 Bg7 4. Nbd2 d6 5. e4 O-O 6. Be2 Bg4 7. O-O Nbd7 8.
c3 h6 9. Bh4 Qe8 10. Qc2 e5 11. dxe5 Nxe5 12. Nxe5 Bxe2 13. Rfe1 Bh5 14. Nec4
g5 15. Bg3 Bg6 16. Qb3 b5 17. Na5 Nd7 18. Nc6 Nc5 19. Qd5 Na4 20. Rab1 Nb6 21.
Qxb5 a6 22. Qa5 Qxc6 23. h4 gxh4 24. Bxh4 Rfe8 25. f3 Re5 26. Qa3 Rh5 27. Bf2
Be5 28. Nf1 Nc4 29. Qb3 Bg7 30. Qd1 Rb8 31. b3 Nb6 32. c4 Re8 33. Rc1 Nd7 34.
Ne3 Qc5 35. g4 Rg5 36. Nd5 Qa3 37. f4 Rxd5 38. exd5 Be4 39. Qd2 Nc5 40. Rcd1
Kf8 41. Re3 a5 42. Rde1 Qb2 43. Qxa5 Qf6 44. Qxc7 Qxf4 45. Bg3 Qxg4 46. Qxd6+
Kg8 47. Qxc5 Qh3 48. Rf3 Bxf3 49. Rxe8+ Kh7 50. Kf2 Qg2+ 51. Ke3 Qxg3 52. Kd3
f5 53. Qe3 f4 54. Qd2 Qg6+ 0-1

[Event "XXV C.to Italiano a squadre A"]
[Site "ITA"]
[Date "1993.??.??"]
[Round "5"]
[White "Cocozza, Mario"]
[Black "Manca, Federico"]
[Result "0-1"]
[WhiteElo "2350"]
[BlackElo "2365"]
[PlyCount "64"]
[EventDate "1993.01.31"]

1. e4 d6 2. d4 Nf6 3. Nc3 g6 4. Nf3 Bg7 5. Be2 O-O 6. O-O Bg4 7. h3 Bxf3 8.
Bxf3 Nc6 9. Ne2 e5 10. c3 Nd7 11. Be3 Ne7 12. Qd2 Qe8 13. Ng3 Kh8 14. Be2 f5
15. exf5 Nxf5 16. Nxf5 gxf5 17. dxe5 dxe5 18. Rad1 Nf6 19. Bh6 Rg8 20. Rfe1 Qg6
21. Bxg7+ Rxg7 22. Bf1 e4 23. g3 Nh5 24. Bg2 Rag8 25. Qe3 Qf6 26. Rd2 b6 27.
Kh2 c5 28. Rg1 Qe5 29. Kh1 Rg6 30. c4 Qg7 31. g4 Nf6 32. Qc3 fxg4 0-1

[Event "XXV C.to Italiano a squadre A"]
[Site "ITA"]
[Date "1993.??.??"]
[Round "5"]
[White "Demetz, Rainer"]
[Black "Wagman, Stuart"]
[Result "0-1"]
[WhiteElo "2157"]
[BlackElo "2205"]
[PlyCount "86"]
[EventDate "1993.01.31"]

1. e4 e5 2. Nf3 Nc6 3. Bb5 a6 4. Ba4 Nf6 5. Qe2 b5 6. Bb3 Be7 7. O-O O-O 8. c3
d5 9. d3 d4 10. h3 Bb7 11. Rd1 Nd7 12. Bd5 Bf6 13. Nbd2 Nb6 14. Bb3 Na5 15. Bc2
c5 16. Nf1 Re8 17. g4 Nc6 18. g5 Be7 19. Ng3 Bf8 20. a3 Qd7 21. Kg2 Bc8 22. Rh1
c4 23. Bd2 Rb8 24. Rad1 Qb7 25. cxd4 Nxd4 26. Nxd4 exd4 27. Bf4 Ra8 28. dxc4
Nxc4 29. Bd3 Be6 30. Kh2 Rac8 31. Rhg1 g6 32. h4 Bg7 33. h5 Ne5 34. Bxe5 Bxe5
35. Kh1 Qe7 36. Qd2 Bc4 37. Bxc4 bxc4 38. f4 c3 39. Qf2 c2 40. Rc1 Bb8 41. Rxc2
Rxc2 42. Qxc2 Bxf4 43. Nf1 gxh5 0-1

[Event "XXV C.to Italiano a squadre A"]
[Site "ITA"]
[Date "1993.??.??"]
[Round "5"]
[White "D'Amore, Carlo"]
[Black "Lucaroni, Massimiliano"]
[Result "1-0"]
[WhiteElo "2415"]
[BlackElo "2295"]
[PlyCount "65"]
[EventDate "1993.01.31"]

1. Nf3 e6 2. g3 f5 3. Bg2 Nf6 4. d4 Be7 5. Bg5 O-O 6. Nbd2 d6 7. Bxf6 Bxf6 8.
e4 e5 9. dxe5 dxe5 10. Qe2 Nc6 11. c3 Qe8 12. exf5 Bxf5 13. Ne4 Rd8 14. O-O Kh8
15. Rfe1 Qh5 16. Rad1 Bg4 17. Qe3 Be7 18. Rxd8 Bxd8 19. Nfd2 Qf7 20. b3 h6 21.
Bf1 b6 22. Be2 Bc8 23. Nf3 Bf6 24. Bd3 Bg4 25. Ned2 Ne7 26. Nc4 Bxf3 27. Qxf3
Qd5 28. Qe2 Qc5 29. Qe4 g6 30. Nxe5 Qxc3 31. Nd7 Rf7 32. Bc4 Rg7 33. Rd1 1-0

[Event "XXV C.to Italiano a squadre A"]
[Site "ITA"]
[Date "1993.??.??"]
[Round "5"]
[White "Evangelisti, Claudio R."]
[Black "Bernardi, Ruben"]
[Result "1-0"]
[WhiteElo "2265"]
[BlackElo "1963"]
[PlyCount "101"]
[EventDate "1993.01.31"]

1. d4 c5 2. d5 e5 3. e4 d6 4. Nf3 g6 5. Be2 Bg7 6. O-O Ne7 7. c4 O-O 8. Nc3 Nd7
9. Rb1 f5 10. Ng5 Nf6 11. Bd3 f4 12. a3 h6 13. Ne6 Bxe6 14. dxe6 Nc6 15. b4 b6
16. Nd5 Re8 17. e7 Nxe7 18. b5 Nfxd5 19. cxd5 Qd7 20. a4 Rf8 21. Be2 h5 22. Bd2
Kh7 23. Rb3 Ng8 24. Ra3 Nf6 25. Qc2 Bh6 26. Rfa1 Rab8 27. a5 Rb7 28. axb6 axb6
29. f3 g5 30. Qa2 Rfb8 31. Ra8 g4 32. Rxb8 Rxb8 33. Qa7 Rb7 34. Qa8 Kg7 35. Ra3
Kh7 36. Be1 Bg5 37. Kf1 gxf3 38. Bxf3 Ng4 39. Be2 Nxh2+ 40. Kg1 Ng4 41. Rh3 Kg6
42. Bxg4 hxg4 43. Qg8+ Qg7 44. Qe6+ Qf6 45. Qxg4 Rh7 46. Bh4 Rh5 47. Kf1 Kh6
48. Be1 Rxh3 49. Qxh3+ Kg6 50. Ba5 Qd8 51. Qf5+ 1-0

[Event "XXV C.to Italiano a squadre A"]
[Site "ITA"]
[Date "1993.??.??"]
[Round "5"]
[White "Iannaccone, Ernesto"]
[Black "Godena, Michele"]
[Result "1/2-1/2"]
[WhiteElo "2385"]
[BlackElo "2485"]
[PlyCount "64"]
[EventDate "1993.01.31"]

1. e4 e5 2. Nf3 Nc6 3. Nc3 Nf6 4. Bb5 Nd4 5. Nxd4 exd4 6. e5 dxc3 7. exf6 Qxf6
8. dxc3 Qe5+ 9. Be2 Bc5 10. O-O O-O 11. Bd3 d5 12. Re1 Qf6 13. Be3 Bxe3 14.
Rxe3 c6 15. Qh5 h6 16. Rae1 Bd7 17. Rf3 Qd6 18. h3 Rae8 19. Rxe8 Bxe8 20. Qf5
g6 21. Qg4 c5 22. Re3 Bd7 23. Qh4 Kg7 24. f3 Re8 25. Qe1 Rxe3 26. Qxe3 g5 27.
c4 Be6 28. cxd5 Qxd5 29. a3 Bf5 30. Bxf5 Qxf5 31. Qc3+ Qf6 32. Qxc5 Qxb2
1/2-1/2

[Event "XXV C.to Italiano a squadre A"]
[Site "ITA"]
[Date "1993.??.??"]
[Round "5"]
[White "Lostuzzi, Manlio"]
[Black "Rivello, Roberto"]
[Result "1-0"]
[WhiteElo "2335"]
[BlackElo "2235"]
[PlyCount "136"]
[EventDate "1993.01.31"]

1. e4 c5 2. Nf3 d6 3. c3 Nf6 4. Be2 g6 5. O-O Bg7 6. Re1 O-O 7. Bf1 Nc6 8. d3
e5 9. Nbd2 b5 10. d4 Rb8 11. dxc5 dxc5 12. a4 a6 13. Qc2 Qe7 14. axb5 axb5 15.
Be2 Nh5 16. Nf1 Nf4 17. Ne3 Be6 18. Bf1 Rfd8 19. g3 Nh5 20. Rd1 Rxd1 21. Qxd1
Nf6 22. Qc2 h6 23. Bd2 Qb7 24. Be1 Rd8 25. Nd2 c4 26. f3 Bf8 27. Bf2 Bc5 28. b4
cxb3 29. Nxb3 Bf8 30. Na5 Qc7 31. Nxc6 Qxc6 32. Qb2 Rb8 33. c4 b4 34. Nd5 Nd7
35. Ra5 b3 36. Bd3 Nc5 37. Qxe5 Bxd5 38. Qxb8 Nxd3 39. exd5 Qxc4 40. Ra8 Qb4
41. Qxb4 Nxb4 42. Ra3 b2 43. Rb3 Nxd5 44. Bd4 Bg7 45. Rb8+ Kh7 46. Bxb2 Bxb2
47. Rxb2 Kg7 48. Rd2 Ne7 49. Kf2 h5 50. h3 Kf6 51. f4 Ke6 52. g4 hxg4 53. hxg4
Nd5 54. Kg3 Kd6 55. Re2 Kd7 56. Re4 Kd6 57. Kh4 Nf6 58. Re2 Nd7 59. f5 gxf5 60.
gxf5 Nc5 61. Re1 Kd5 62. Re7 f6 63. Kh5 Kd6 64. Re2 Nd7 65. Rd2+ Ke7 66. Rxd7+
Kxd7 67. Kg6 Ke7 68. Kg7 Ke8 1-0

[Event "XXV C.to Italiano a squadre A"]
[Site "ITA"]
[Date "1993.??.??"]
[Round "5"]
[White "Malgaroli, Luciano"]
[Black "Bellini, Fabio"]
[Result "0-1"]
[WhiteElo "2171"]
[BlackElo "2340"]
[PlyCount "114"]
[EventDate "1993.01.31"]

1. c4 e6 2. Nf3 Nf6 3. g3 d5 4. b3 Be7 5. Bg2 O-O 6. O-O b6 7. Bb2 Bb7 8. d3 c5
9. Nbd2 d4 10. b4 Qc7 11. bxc5 bxc5 12. e3 dxe3 13. fxe3 Nc6 14. Qb3 Rab8 15.
Qc3 Qa5 16. Nb3 Qxc3 17. Bxc3 Nd7 18. Na5 Nxa5 19. Bxa5 Bd8 20. Bc3 Bxf3 21.
Bxf3 Bf6 22. Bxf6 Nxf6 23. Rab1 Rfd8 24. Be2 Nd7 25. Rb5 a6 26. Rb3 Rxb3 27.
axb3 Rb8 28. Bd1 Kf8 29. Bc2 Ke7 30. Kf2 Ne5 31. Ke2 Nc6 32. Kd2 h5 33. Ra1 Rb6
34. Kc3 e5 35. Bd1 g6 36. Bf3 Nb4 37. Ra5 Rf6 38. Rxc5 Na2+ 39. Kb2 Rxf3 40.
Kxa2 Rxe3 41. b4 Kd7 42. b5 axb5 43. cxb5 Rxd3 44. b6 Rd6 45. Rb5 Kc8 46. b7+
Kb8 47. Rxe5 Rb6 48. Re8+ Ka7 49. Ka3 Rxb7 50. Rf8 Kb6 51. Kb4 Kc6+ 52. Kc4 Kd6
53. Kd4 Ke7 54. Rc8 Rb2 55. h4 Rb3 56. Rc3 Rxc3 57. Kxc3 Ke6 0-1

[Event "XXV C.to Italiano a squadre A"]
[Site "ITA"]
[Date "1993.??.??"]
[Round "5"]
[White "Manzardo, Bruno"]
[Black "Pozzi, Enrico"]
[Result "1-0"]
[WhiteElo "2115"]
[BlackElo "2225"]
[PlyCount "61"]
[EventDate "1993.01.31"]

1. Nf3 g6 2. e4 Bg7 3. d4 d6 4. Nc3 Bg4 5. Bc4 Nf6 6. h3 Bxf3 7. Qxf3 Nc6 8.
Be3 O-O 9. Rd1 e5 10. d5 Ne7 11. O-O Nd7 12. Qe2 f5 13. f4 a6 14. Bd3 Qe8 15.
Qd2 Kh8 16. Rde1 Rd8 17. fxe5 Nxe5 18. exf5 Nxf5 19. Bxf5 gxf5 20. Bd4 Qf7 21.
Rf2 Rde8 22. b3 Nf3+ 23. Rxf3 Rxe1+ 24. Qxe1 Bxd4+ 25. Kh1 f4 26. Qe4 Qf6 27.
Nd1 Rf7 28. c3 Bb6 29. Nf2 Be3 30. Ng4 Qxc3 31. Nxe3 1-0

[Event "XXV C.to Italiano a squadre A"]
[Site "ITA"]
[Date "1993.??.??"]
[Round "5"]
[White "Mariotti, Sergio"]
[Black "Vezzosi, Paolo"]
[Result "1/2-1/2"]
[WhiteElo "2425"]
[BlackElo "2305"]
[PlyCount "71"]
[EventDate "1993.01.31"]

1. d4 Nf6 2. Nf3 e6 3. Nbd2 c5 4. e3 b6 5. Bd3 Be7 6. O-O O-O 7. Qe2 Nc6 8. c3
Bb7 9. a3 cxd4 10. cxd4 Nd5 11. b4 Rc8 12. Bb2 f5 13. Rfc1 Rc7 14. g3 a5 15. b5
Na7 16. e4 fxe4 17. Nxe4 Rxc1+ 18. Rxc1 Nc8 19. Ne5 Qe8 20. Nc3 Nf6 21. Nd1 Nd6
22. Ne3 Qd8 23. a4 Nde4 24. f3 Ng5 25. h4 Nf7 26. f4 Nd6 27. f5 Nfe4 28. fxe6
Rf2 29. Qg4 Nf6 30. Qh3 Rxb2 31. exd7 Rd2 32. Qe6+ Kh8 33. Qxd6 Bxd6 34. Nf7+
Kg8 35. Nxd8 Nxd7 36. Nxb7 1/2-1/2

[Event "XXV C.to Italiano a squadre A"]
[Site "ITA"]
[Date "1993.??.??"]
[Round "5"]
[White "Micheli, Carlo"]
[Black "Vallifuoco, Giovanni"]
[Result "1-0"]
[WhiteElo "2300"]
[BlackElo "2260"]
[PlyCount "51"]
[EventDate "1993.01.31"]

1. e4 c5 2. Nf3 d6 3. c3 Nf6 4. h3 e6 5. d3 Be7 6. Be2 Nc6 7. O-O O-O 8. Nbd2
e5 9. a3 a6 10. b4 d5 11. Bb2 d4 12. bxc5 Bxc5 13. Nb3 Ba7 14. cxd4 exd4 15. a4
Re8 16. Nfd2 Be6 17. Ba3 Nd7 18. f4 f6 19. Rc1 Rc8 20. Bg4 b5 21. Bxe6+ Rxe6
22. axb5 axb5 23. Nc5 Nxc5 24. Bxc5 Bxc5 25. Qb3 Qd6 26. Rxc5 1-0

[Event "XXV C.to Italiano a squadre A"]
[Site "ITA"]
[Date "1993.??.??"]
[Round "5"]
[White "Mocchi, Tullio"]
[Black "Racioppo, Paolo"]
[Result "1-0"]
[WhiteElo "1969"]
[BlackElo "2114"]
[PlyCount "119"]
[EventDate "1993.01.31"]

1. d4 f5 2. c4 d6 3. g3 Nf6 4. Bg2 g6 5. Nf3 Bg7 6. O-O O-O 7. Nc3 Qe8 8. b3 h6
9. Re1 g5 10. h4 Ne4 11. Nd5 Na6 12. hxg5 h5 13. g6 e5 14. dxe5 dxe5 15. Ng5 c6
16. Nxe4 fxe4 17. Nc3 Bf5 18. Qd2 Qxg6 19. Qg5 Nb4 20. Qxg6 Bxg6 21. Rf1 Nc2
22. Rb1 Nd4 23. Rb2 Rad8 24. Bxe4 Bxe4 25. Nxe4 Rd7 26. Kg2 Nf5 27. Rh1 Rd4 28.
f3 Rd7 29. Rxh5 Rd1 30. Rh1 Rfd8 31. Rxd1 Rxd1 32. Bg5 Nd4 33. Rd2 Ra1 34. Be3
b6 35. Bxd4 exd4 36. Nd6 c5 37. Nc8 d3 38. Nxa7 dxe2 39. Rxe2 Bd4 40. Nc8 Rg1+
41. Kh2 Rf1 42. f4 Kf7 43. Nxb6 Kg6 44. Nd5 Kh5 45. Ne3 Ra1 46. Nc2 Bg1+ 47.
Kg2 Rc1 48. Re5+ Kg6 49. Re2 Kh5 50. Ne1 Bd4 51. Nf3 Bf6 52. Kh3 Rf1 53. g4+
Kg6 54. Kg2 Ra1 55. f5+ Kh6 56. Kg3 Bd8 57. Kf4 Bc7+ 58. Ke4 Rd1 59. Rd2 Rg1
60. Nxg1 1-0

[Event "XXV C.to Italiano a squadre A"]
[Site "ITA"]
[Date "1993.??.??"]
[Round "5"]
[White "Pagano, Sergio M."]
[Black "Rosino, Antonio"]
[Result "1/2-1/2"]
[WhiteElo "2110"]
[BlackElo "2320"]
[PlyCount "77"]
[EventDate "1993.01.31"]

1. Nf3 Nf6 2. c4 g6 3. Nc3 d5 4. cxd5 Nxd5 5. Qb3 Nb6 6. Ng5 e6 7. h4 Bg7 8. e3
O-O 9. Be2 e5 10. a4 a5 11. Nge4 Nc6 12. d3 Nb4 13. Nc5 Qe7 14. N3e4 Nd7 15.
Nxd7 Bxd7 16. Bd2 Bc6 17. h5 Rfd8 18. hxg6 hxg6 19. Rc1 Bd5 20. Bxb4 Qxb4+ 21.
Qxb4 axb4 22. Rxc7 Rxa4 23. O-O Ra2 24. Rb1 Rda8 25. Bf3 Ra1 26. Rxa1 Rxa1+ 27.
Kh2 Bc6 28. Ng5 Rb1 29. Bxc6 bxc6 30. Rxc6 Rxb2 31. Kg3 b3 32. Rb6 Rb1 33. Ne4
Bf8 34. Nd2 Rd1 35. Nxb3 Rxd3 36. Rb7 Bd6 37. Rd7 e4+ 38. Kg4 Kf8 39. Rb7
1/2-1/2

[Event "XXV C.to Italiano a squadre A"]
[Site "ITA"]
[Date "1993.??.??"]
[Round "5"]
[White "Passerotti, Pierluigi"]
[Black "Monteleone, Antonio"]
[Result "1-0"]
[WhiteElo "2325"]
[BlackElo "2099"]
[PlyCount "63"]
[EventDate "1993.01.31"]

1. e4 e6 2. c3 d5 3. d3 Nf6 4. e5 Nfd7 5. f4 c5 6. Be3 Nc6 7. Nf3 Qb6 8. Qc1 d4
9. Bf2 f6 10. Na3 fxe5 11. Nc4 Qc7 12. fxe5 b5 13. Nd6+ Bxd6 14. exd6 Qxd6 15.
Be2 Bb7 16. b4 cxb4 17. cxd4 O-O 18. O-O Rac8 19. Bg3 Qd5 20. Qe3 Nxd4 21. Qxd4
Rxf3 22. Qg4 Rxf1+ 23. Bxf1 Rc2 24. Bf2 Ne5 25. Qg3 a5 26. h4 Nd7 27. Qg4 Rxa2
28. Rxa2 Qxa2 29. Bd4 g6 30. Qg5 Qd5 31. Qd8+ Nf8 32. Qf6 1-0

[Event "XXV C.to Italiano a squadre A"]
[Site "ITA"]
[Date "1993.??.??"]
[Round "5"]
[White "Pastres, Roberto"]
[Black "Lantini, Marco"]
[Result "0-1"]
[WhiteElo "2225"]
[BlackElo "2195"]
[PlyCount "82"]
[EventDate "1993.01.31"]

1. e4 c6 2. d4 d5 3. e5 Bf5 4. Nc3 e6 5. g4 Bg6 6. Nge2 Bb4 7. Bg2 Qh4 8. Nf4
Nd7 9. Nxg6 fxg6 10. Bf4 Qe7 11. Qd3 Nh6 12. h3 O-O 13. Bg3 c5 14. O-O cxd4 15.
Qxd4 Nf7 16. Qe3 Bxc3 17. Qxc3 Rfc8 18. Qb3 Nb6 19. c3 g5 20. Rad1 Rc6 21. Qc2
Rac8 22. Qe2 Qc5 23. Kh1 Qe7 24. Rfe1 Na4 25. f3 Rb6 26. Rb1 Qe8 27. Bf2 Ra6
28. Qc2 Nc5 29. b3 Rac6 30. Bd4 R6c7 31. Bf1 Qf8 32. b4 Nd7 33. Bd3 Nfxe5 34.
Bxh7+ Kh8 35. f4 Qxf4 36. Kg2 Qxd4 37. cxd4 Rxc2+ 38. Bxc2 Rxc2+ 39. Kg3 Rc3+
40. Kg2 Nd3 41. Rxe6 Nf4+ 0-1

[Event "XXV C.to Italiano a squadre A"]
[Site "ITA"]
[Date "1993.??.??"]
[Round "5"]
[White "Sabatini, Mario"]
[Black "Mileto, Gabriele"]
[Result "1-0"]
[WhiteElo "2039"]
[BlackElo "2225"]
[PlyCount "57"]
[EventDate "1993.01.31"]

1. d4 Nf6 2. Nf3 c5 3. d5 g6 4. c4 Bg7 5. Nc3 O-O 6. e4 e5 7. Be2 d6 8. O-O Ne8
9. Rb1 Na6 10. a3 Qe7 11. b4 f5 12. Ne1 Nf6 13. Bg5 h6 14. Bxf6 Bxf6 15. Nd3 b6
16. bxc5 dxc5 17. Bf3 f4 18. Bg4 Nc7 19. Bxc8 Rfxc8 20. Qg4 Kg7 21. Rbd1 Ne8
22. g3 fxg3 23. fxg3 Nd6 24. Nb5 Nxc4 25. d6 Qd8 26. Nc7 h5 27. Ne6+ Kh6 28.
Qf3 Qh8 29. Qxf6 1-0

[Event "XXV C.to Italiano a squadre A"]
[Site "ITA"]
[Date "1993.??.??"]
[Round "5"]
[White "Sarno, Spartaco"]
[Black "Grosar, Aljosa"]
[Result "1-0"]
[WhiteElo "2410"]
[BlackElo "2480"]
[PlyCount "80"]
[EventDate "1993.01.31"]

1. c4 c5 2. Nc3 Nc6 3. Nf3 Nd4 4. Ng1 Nc6 5. g3 g6 6. Bg2 Bg7 7. Nf3 e5 8. O-O
Nge7 9. d3 O-O 10. Ne1 Rb8 11. Nc2 d6 12. Ne3 Bd7 13. Ned5 Nxd5 14. Nxd5 b5 15.
cxb5 Rxb5 16. Nc3 Rb8 17. b3 Ne7 18. Bg5 f6 19. Bd2 Be6 20. Rc1 Qd7 21. Na4 Nc6
22. e3 Rfc8 23. Qe2 f5 24. Rfd1 Rf8 25. Bc3 Rbe8 26. Qb2 g5 27. f4 gxf4 28.
gxf4 Rf7 29. Qf2 exf4 30. Qxf4 Ne5 31. Rc2 Ng4 32. Bxg7 Rxg7 33. Kh1 Bxb3 34.
axb3 Nxe3 35. Rg1 Nxc2 36. Qc4+ Kh8 37. Qxc2 Reg8 38. Qc3 h6 39. Nb2 Kh7 40.
Nd1 Qb7 1-0

[Event "XXV C.to Italiano a squadre A"]
[Site "ITA"]
[Date "1993.??.??"]
[Round "5"]
[White "Sciortino, Massimo"]
[Black "Malfagia, Andrea"]
[Result "0-1"]
[WhiteElo "1933"]
[BlackElo "2315"]
[PlyCount "88"]
[EventDate "1993.01.31"]

1. d4 Nf6 2. Nf3 e6 3. Bg5 h6 4. Bxf6 Qxf6 5. e4 d6 6. e5 Qd8 7. Nc3 Nd7 8.
exd6 cxd6 9. Bd3 Be7 10. O-O O-O 11. Re1 Nf6 12. Ne4 Bd7 13. c3 b5 14. Qe2 Qb6
15. Nxf6+ Bxf6 16. Qe4 g6 17. Qg4 Rad8 18. Qg3 Bg7 19. Re3 Bc6 20. h4 Bd5 21.
h5 f5 22. Re2 g5 23. Rae1 e5 24. dxe5 dxe5 25. Nxe5 f4 26. Qh3 f3 27. gxf3 Bxe5
28. Rxe5 Rxf3 29. Re8+ Rxe8 30. Rxe8+ Kg7 31. Qd7+ Rf7 32. Rg8+ Kxg8 33. Qxd5
Qxf2+ 34. Kh1 Qh4+ 35. Kg1 Qf2+ 36. Kh1 Qh4+ 37. Kg1 Qg4+ 38. Kh2 Qxh5+ 39. Kg2
Qg4+ 40. Kh2 Qf4+ 41. Kg1 Qc1+ 42. Kg2 Qxb2+ 43. Kg3 Qf2+ 44. Kh3 Qf3+ 0-1